A Guide to Econometrics / Second Edition (Record no. 2656)
[ view plain ]
| 000 -LEADER | |
|---|---|
| fixed length control field | 01232cam a22002054a 4500 |
| 005 - ΗΜΕΡΟΜΗΝΙΑ ΚΑΙ ΩΡΑ ΤΕΛΕΥΤΑΙΑΣ ΕΝΗΜΕΡΩΣΗΣ | |
| Πεδίο ελέγχου | 20250605164049.0 |
| 008 - FIXED-LENGTH DATA ELEMENTS--GENERAL INFORMATION | |
| Πεδίο ελέγχου σταθερού μήκους | 250528s ||||||||||||||||||||||||d |
| 035 ## - SYSTEM CONTROL NUMBER | |
| System control number | 17224 |
| 020 ## - ISBN | |
| ISBN | 262610434 |
| 040 ## - ΠΗΓΗ ΚΑΤΑΛΟΓΟΓΡΑΦΗΣΗΣ | |
| Φορέας πρωτότυπης καταλογογράφησης | MC Athens Campus Library |
| Γλώσσα καταλογογράφησης | Ελληνικά, Μοντέρνα (1453-) |
| Modifying agency | MC Athens Campus Library |
| Κανόνες περιγραφικής καταλογογράφησης | AACR2 |
| 245 1# - ΤΙΤΛΟΣ ΚΑΙ ΔΗΛΩΣΗ ΥΠΕΥΘΥΝΟΤΗΤΑΣ | |
| Τίτλος | A Guide to Econometrics / Second Edition |
| 250 ## - EDITION STATEMENT | |
| Edition statement | 2nd |
| 260 ## - PUBLICATION, DISTRIBUTION, ETC. | |
| Name of publisher, distributor, etc. | The MIT Press, |
| Date of publication, distribution, etc. | 1986 |
| 300 ## - PHYSICAL DESCRIPTION | |
| Extent | 244 |
| 520 ## - SUMMARY, ETC. | |
| Summary, etc. | An overview of the subject and an intuitive feel for its concepts and techniques without the clutter of notation and technical detail that characterize many econometrics texts. Preface, Introduction, Criteria for Estimators, The Classical Linear Regression Model, Interval Estimation and Hypothesis Testing, Violating Assumption One: Specification Errors, Violating Assumption Two: Nonzero Expected Disturbance, Violating Assumption Three: Non spherical Disturbances, Violating Assumption Four: Measurement Errors and Auto regression, Violating Assumption Five: Multicollinearity, Incorporating Extaneous Information, The Bayesian Approach, Dummy Variables, Qualitative and Limited Dependent Variables, Forecasting, Glossary, Bibliography, Index. |
| 700 1# - ΠΡΟΣΘΕΤΗ ΑΝΑΓΡΑΦΗ--ΦΥΣΙΚΟ ΠΡΟΣΩΠΟ | |
| Personal name | Kennedy Peter |
| 9 (RLIN) | 3388 |
| 942 ## - ADDED ENTRY ELEMENTS (KOHA) | |
| Koha item type | Books |
| Τύπος τεκμηρίου | Βιβλιοθήκη | Τρέχουσα τοποθεσία | Barcode | Αριθμός εισαγωγής | Ημερομηνία απόκτησης | Ταξιθετικό σύμβολο | Αριθμός αντιτύπου | Κατάσταση απόσυρσης | Κατάσταση χαμένου | Κατάσταση κατεστραμμένου | Μη δανεισμός | Σύνολο δανεισμών | Ημερομηνία τελευταίας εμφάνισης | Η τιμή ισχύει από |
|---|---|---|---|---|---|---|---|---|---|---|---|---|---|---|
| Books | MC Athens Campus Library | MC Athens Campus Library | 9780000026552 | 8888 | 05/06/2025 | 330/.028 KEN | 1 | 05/06/2025 | 05/06/2025 |